000 00786nam a22001937a 4500
999 _c370750
_d370750
008 201130b ||||| |||| 00| 0 eng d
040 _bger
_cDE-2950
_erda
_aDE-2950
041 _ager
100 _aGutke, Thomas:
245 _aFrankfurt will ab 2022 in neue feste Blitzer investieren.
_bVerkehr: Die stationäre Geschwindigkeitsüberwachung in der Oderstadt wird in den nächsten Jahren auf den modernen Stand der Technik gebracht /
_cThomas Gutke
264 _c2021
653 _aFrankfurt (Oder)
653 _aStraßenverkehr
773 _dFrankfurt (Oder): Märkisches Verlags- und Druckhaus GmbH & Co KG
_g32. Jahrgang (2021) Nr. 197 vom 25.08.2021, S. 13: Foto
_tMärkische Oderzeitung
942 _cA